Kariera klubowa Roberta Lewandowskiego - Statystyki

Ogólne statystyki
  • Ten quiz został rozwiązany 1 959 razy
  • Średni wynik to 7 z 8
Statystyki odpowiedzi
Lata gry Klub % Poprawnych
2022 - obecnie FC Barcelona
99%
2008 - 2010 Lech Poznań
98%
2014 - 2022 Bayern Monachium
97%
2010 - 2014 Borussia Dortmund
96%
2005 - 2006 Legia II Warszawa
90%
2006 - 2007 Znicz II Pruszków
82%
2006 - 2008 Znicz Pruszków
82%
2005 Delta Warszawa
24%
Nie znaleziono quizów pasujących do podanych kryteriów
Rozkład punktacji
Procent ludzi z każdym wynikiem
Percentyl według liczby udzielonych odpowiedzi
Twoja historia wyników
Nie rozwiązałeś tego quizu